<?xml version="1.0" encoding="UTF-8"?><?xml-stylesheet type="text/xsl" href="static/style.xsl"?><OAI-PMH xmlns="http://www.openarchives.org/OAI/2.0/" xmlns:xsi="http://www.w3.org/2001/XMLSchema-instance" xsi:schemaLocation="http://www.openarchives.org/OAI/2.0/ http://www.openarchives.org/OAI/2.0/OAI-PMH.xsd"><responseDate>2026-06-01T20:28:15Z</responseDate><request verb="GetRecord" identifier="oai:riubu.ubu.es:10259/8207" metadataPrefix="marc">https://riubu.ubu.es/oai/request</request><GetRecord><record><header><identifier>oai:riubu.ubu.es:10259/8207</identifier><datestamp>2023-12-15T12:59:34Z</datestamp><setSpec>com_10259_7130</setSpec><setSpec>com_10259_5086</setSpec><setSpec>com_10259_2604</setSpec><setSpec>col_10259_7131</setSpec></header><metadata><record xmlns="http://www.loc.gov/MARC21/slim" xmlns:doc="http://www.lyncode.com/xoai" xmlns:xsi="http://www.w3.org/2001/XMLSchema-instance" xmlns:dcterms="http://purl.org/dc/terms/" xsi:schemaLocation="http://www.loc.gov/MARC21/slim http://www.loc.gov/standards/marcxml/schema/MARC21slim.xsd">
<leader>00925njm 22002777a 4500</leader>
<datafield tag="042" ind1=" " ind2=" ">
<subfield code="a">dc</subfield>
</datafield>
<datafield tag="720" ind1=" " ind2=" ">
<subfield code="a">Caño Espinel, Manuela del</subfield>
<subfield code="e">author</subfield>
</datafield>
<datafield tag="720" ind1=" " ind2=" ">
<subfield code="a">Acebes, Judith R.</subfield>
<subfield code="e">author</subfield>
</datafield>
<datafield tag="720" ind1=" " ind2=" ">
<subfield code="a">Sánchez, Diego</subfield>
<subfield code="e">author</subfield>
</datafield>
<datafield tag="720" ind1=" " ind2=" ">
<subfield code="a">Ganfornina, María D.</subfield>
<subfield code="e">author</subfield>
</datafield>
<datafield tag="260" ind1=" " ind2=" ">
<subfield code="c">2015</subfield>
</datafield>
<datafield tag="520" ind1=" " ind2=" ">
<subfield code="a">A diverse set of neurodegenerative disorders are caused by abnormal extensions of polyglutamine (poly-Q) stretches in various, functionally unrelated proteins. A common feature of these diseases is altered proteostasis. Autophagy induction is part of the endogenous response to poly-Q protein expression. However, if autophagy is not resolved properly, clearance of toxic proteins or aggregates cannot occur effectively. Likewise, excessive autophagy induction can cause autophagic stress and neurodegeneration. The Lipocalins ApoD, Glial Lazarillo (GLaz) and Neural Lazarillo (NLaz) are neuroprotectors upon oxidative stress or aging. In this work we test whether these Lipocalins also protect against poly-Q-triggered deterioration of protein quality control systems.</subfield>
</datafield>
<datafield tag="024" ind2=" " ind1="8">
<subfield code="a">http://hdl.handle.net/10259/8207</subfield>
</datafield>
<datafield tag="024" ind2=" " ind1="8">
<subfield code="a">10.1186/s13024-015-0009-8</subfield>
</datafield>
<datafield tag="024" ind2=" " ind1="8">
<subfield code="a">1750-1326</subfield>
</datafield>
<datafield ind1=" " ind2=" " tag="653">
<subfield code="a">Autophagy</subfield>
</datafield>
<datafield ind1=" " ind2=" " tag="653">
<subfield code="a">Neurodegeneration</subfield>
</datafield>
<datafield ind1=" " ind2=" " tag="653">
<subfield code="a">Neuroprotection</subfield>
</datafield>
<datafield ind1=" " ind2=" " tag="653">
<subfield code="a">Polyubiquitinated protein clearance</subfield>
</datafield>
<datafield ind1=" " ind2=" " tag="653">
<subfield code="a">Drosophila</subfield>
</datafield>
<datafield ind1=" " ind2=" " tag="653">
<subfield code="a">GLaz</subfield>
</datafield>
<datafield ind1=" " ind2=" " tag="653">
<subfield code="a">NLaz</subfield>
</datafield>
<datafield ind1=" " ind2=" " tag="653">
<subfield code="a">ApoD</subfield>
</datafield>
<datafield ind1=" " ind2=" " tag="653">
<subfield code="a">GstS1</subfield>
</datafield>
<datafield ind1=" " ind2=" " tag="653">
<subfield code="a">Atg1/ULK1</subfield>
</datafield>
<datafield ind1=" " ind2=" " tag="653">
<subfield code="a">Atg4a</subfield>
</datafield>
<datafield ind1=" " ind2=" " tag="653">
<subfield code="a">Atg8a/LC3</subfield>
</datafield>
<datafield ind1=" " ind2=" " tag="653">
<subfield code="a">p62</subfield>
</datafield>
<datafield tag="245" ind1="0" ind2="0">
<subfield code="a">Lazarillo-related Lipocalins confer long-term protection against type I Spinocerebellar Ataxia degeneration contributing to optimize selective autophagy</subfield>
</datafield>
</record></metadata></record></GetRecord></OAI-PMH>